La política
Spremljeno u:
| Glavni autor: | |
|---|---|
| Format: | Knjiga |
| Jezik: | španjolski |
| Izdano: |
Madrid
Espasa-Calpe
1989
|
| Izdanje: | 18a. ed |
| Serija: | Colección Austral, 239
|
| Teme: | |
| Oznake: |
Dodaj oznaku
Bez oznaka, Budi prvi tko označuje ovaj zapis!
|
MARC
| LEADER | 00000nam a2200000 a 4500 | ||
|---|---|---|---|
| 001 | UCU1408 | ||
| 003 | CL-VaPUC | ||
| 008 | 960404e19890000SP |||||||||||||||||spa|d | ||
| 082 | 0 | 4 | |a 185 |b ARI |2 21 |
| 100 | |a Aristóteles, |d 384 a.C.- 322 a.C. |e author |9 194 | ||
| 245 | 1 | 3 | |a La política |
| 250 | |a 18a. ed | ||
| 300 | |a 246 p | ||
| 942 | |c BK | ||
| 945 | |d 19960404 00:00:00 |a rleighto | ||
| 260 | |a Madrid |b Espasa-Calpe |c 1989 | ||
| 650 | 0 | |a Filosofía antigua |9 255705 | |
| 650 | 0 | |a Política |9 255312 | |
| 583 | |a last modification |c 19960404 00:00:00 |k Rodrigo Vera | ||
| 490 | 0 | |a Colección Austral, 239 | |
| 999 | |c 246052 |d 246050 | ||
| 952 | |0 0 |1 0 |4 0 |6 185_000000000000000_ARI_1989 |7 0 |8 R |9 260781 |a BIBHIS |b BIBHIS |d 2019-11-19 |i 318630K |l 1 |m 1 |o 185 ARI 1989 |p 318630K |r 2023-01-25 |s 2022-11-08 |w 2019-11-19 |y BK_R |k HIS | ||